| 000 | 01747nam a2200433 a 4500 | ||
|---|---|---|---|
| 001 | ebr10382795 | ||
| 003 | CaPaEBR | ||
| 006 | m u | ||
| 007 | cr cn||||||||| | ||
| 008 | 100609r20081974dcu sb 001 0 eng d | ||
| 010 | _z 73009872 | ||
| 020 | _z9780813215464 (pbk.) | ||
| 020 | _z9780813200675 (cloth) | ||
| 020 | _z9780813211671 (e-book) | ||
| 040 |
_aCaPaEBR _cCaPaEBR |
||
| 035 | _a(OCoLC)647919811 | ||
| 041 | 1 |
_aeng _hund |
|
| 050 | 1 | 4 |
_aBR65.N62 _bE54 2008eb |
| 100 | 0 | _aNovatianus. | |
| 245 | 1 | 4 |
_aThe trinity _h[electronic resource] : _bThe spectacles ; Jewish foods ; In praise of purity ; Letters / _ctranslated by Russell J. DeSimone. |
| 246 | 3 | _aTrinity ; The spectacles ; Jewish foods ; In praise of purity ; Letters | |
| 260 |
_aWashington, D.C. : _bCatholic University of America Press, _c2008, c1974. |
||
| 300 | _aix, 223 p. | ||
| 490 | 1 |
_aThe fathers of the church : a new translation ; _vv. 67 |
|
| 500 | _aFirst paperback reprint. | ||
| 504 | _aIncludes bibliographical references (p. viii) and indexes. | ||
| 533 |
_aElectronic reproduction. _bPalo Alto, Calif. : _cebrary, _d2011. _nAvailable via World Wide Web. _nAccess may be limited to ebrary affiliated libraries. |
||
| 650 | 0 |
_aTrinity _vEarly works to 1800. |
|
| 650 | 0 |
_aChristian ethics _xHistory _yEarly church, ca. 30-600. |
|
| 655 | 7 |
_aElectronic books. _2local |
|
| 700 | 1 | _aDeSimone, Russell J. | |
| 710 | 2 | _aebrary, Inc. | |
| 740 | 0 | 2 | _aSpectacles. |
| 740 | 0 | 2 | _aJewish foods. |
| 740 | 0 | 2 | _aIn praise of purity. |
| 740 | 0 | 2 | _aLetters. |
| 830 | 0 |
_aFathers of the church ; _vv. 67. |
|
| 856 | 4 | 0 |
_uhttp://site.ebrary.com/lib/rucke/Doc?id=10382795 _zAn electronic book accessible through the World Wide Web; click to view |
| 999 |
_c103636 _d103636 |
||